Name that Muppet! - Statistics

General Stats
  • This quiz has been taken 624 times
  • The average score is 8 of 12
Answer Stats
Picture Answer % Correct
Kermit
99%
Miss Piggy
97%
Fozzie Bear
85%
Animal
84%
Gonzo
82%
Beaker
77%
Rowlf
57%
Waldorf
56%
Bunsen Honeydew
51%
Sam the Eagle
51%
Statler
51%
Rizzo
47%
No matching quizzes found
Score Distribution
Percent of People with Each Score
Percentile by Number Answered
Your Score History
You have not taken this quiz